| 000 | 01172nam a2200301 i 4500 | ||
|---|---|---|---|
| 001 | 179845 | ||
| 003 | ES-MaACL | ||
| 005 | 20250822095628.0 | ||
| 008 | 120201s2011 sp ac |||| |dspa d | ||
| 020 | _a978-84-8489-567-1 (Iberoamericana) | ||
| 020 | _a978-3-86527-641-4 (Vervuert) | ||
| 080 | _a(050)(460.27 M.)(091) | ||
| 080 | _a821.134.2-7.09"18/19" | ||
| 100 | 1 |
_aVersteeg, Margot. _9149281 |
|
| 245 | 1 | 0 |
_aJornaleros de la pluma _b: la (re)definición del papel del escritor-periodista en la revista "Madrid Cómico" / _cMargot Versteeg. |
| 260 |
_aMadrid : _bIberoamericana ; _aFrankfurt am Main : _bVervuert, _c2011. |
||
| 300 |
_a381 p. : _bil. ; _c24 cm. |
||
| 490 | 1 |
_aLa cuestión palpitante ; _v16 |
|
| 500 | _aÍndices. | ||
| 504 | _aBibliografía: p. [343]-362. | ||
| 630 | 0 | 4 |
_aMadrid cómico. _9149282 |
| 650 | 7 |
_aHumorismo español- _yS.XIX- _xHistoria y crítica. _9168696 |
|
| 650 | 0 | 4 |
_aHumorismo español- _yS.XX- _xHistoria y crítica _913513 |
| 830 | 0 |
_aLa cuestión palpitante ; _v16 _9191128 |
|
| 852 |
_aES-MaACL _jA-11949 _9186746 _bR.146747 _cDEPO1 _dOlim: N-4954 |
||
| 942 |
_2udc _cMONOGRAFIA |
||
| 999 |
_c179845 _d179845 |
||